000 00530nam a2200193 a 4500
005 20210219150022.0
008 991125s1974 mx 000 0 spa u
020 _a8532301582
035 _aUPN01000005885
049 _aCG
050 4 _aD6
_bH5.9 no.13
245 0 0 _aBizancio /
_ccomp. Franz Georg Maier.
260 _aMéxico :
_bSiglo XXI,
_c1974.
300 _a422 p. :
_bmapas
440 0 _aHistoria universal siglo XXI ;
_v13
650 4 _aIMPERIO BIZANTINO
700 1 _aMaier, Franz Georg,
_d1926-
_ecomp.
905 _aLibro
999 _c5885
_d5885